• 首页
  • 本馆介绍
  • 公告通知
  • 最新文献
  • 馆藏检索
  • 电子资源
  • 读者导购
  • 参考咨询
  • 我的图书馆
  • 登录
  • 详细信息显示
  • 放入我的书架
  • 预约/预借图书
  • 作者相关作品
  • 分类相关作品
  • 丛书相关作品
  • 出版社相关作品

书目信息

  • 表格格式
  • 工作单格式
  • 卡片格式
题名:
铁路网抗毁性分析
    
 
作者: 王伟, 著
分册:  
出版信息: 北京   经济管理出版社  2017
页数: 174页
开本: 24cm
丛书名: 北方民族大学商学院博士文库
单 册:
中图分类: U285.21 , U285.2
科图分类:
主题词: 铁路网--列车无线调度系统--安全--研究
电子资源:
ISBN: 978-7-5096-4898-8
000 01573nam 2200301 450
001 2374914523
005 20231203204857.67
010    @a978-7-5096-4898-8@dCNY48.00
100    @a20170405d2017 em y0chiy50 ea
101 0  @achi
102    @aCN@b110000
105    @aak a 000yy
200 1  @a铁路网抗毁性分析@Atie lu wang kang hui xing fen xi@d= Analysis on the survivability of railway network@f王伟著@zeng
210    @a北京@c经济管理出版社@d2017
215    @a174页@c图@d24cm
225 2  @a北方民族大学商学院博士文库@Abei fang min zu da xue shang xue yuan bo shi wen ku
300    @a本成果受到“宁夏回族自治区电子商务培训基地”项目资助
314    @a王伟, 男, 1953年生, 宁夏平罗人, 副教授硕士生导师。
320    @a有书目 (第157-171页)
330    @a铁路网承担着社会的经济联系和相互交往的运输工作, 一个稳定、高效的铁路网对社会经济发展至关重要。然而, 实际铁路网的供给和需求均存在很大的不确定性, 特别是出现突发事件的情况下, 运输功能会受到不同程度的损坏, 有可能陷入瘫痪的状态, 需要及时采取应急措施使铁路网尽快恢复到正常状态。所以铁路网抗毁性定义为发生内部或外部突发事件, 引起设施或服务失效后, 铁路网维持或恢复其性能到一个可接受程度的能力, 本书主要阐述铁路网抗毁性的定义, 研究思路、评估指标、评估模型、突发事件下网络修复和网络组织等相关内容。
410  0 @12001 @a北方民族大学商学院博士文库
510 1  @aAnalysis on the survivability of railway network@zeng
606 0  @a铁路网@x列车无线调度系统@x安全@x研究
690    @aU285.21@v5
690    @aU285.2@v4
701  0 @a王伟,@Awang wei@f1983-@4著
801  0 @aCN@b湖北三新@c20170405
905    @aBZT@dU285.2@e1
    
    铁路网抗毁性分析= Analysis on the survivability of railway network/王伟著.-北京:经济管理出版社,2017
    174页:图;24cm.-(北方民族大学商学院博士文库)
    本成果受到“宁夏回族自治区电子商务培训基地”项目资助
    
    ISBN 978-7-5096-4898-8:CNY48.00
    铁路网承担着社会的经济联系和相互交往的运输工作, 一个稳定、高效的铁路网对社会经济发展至关重要。然而, 实际铁路网的供给和需求均存在很大的不确定性, 特别是出现突发事件的情况下, 运输功能会受到不同程度的损坏, 有可能陷入瘫痪的状态, 需要及时采取应急措施使铁路网尽快恢复到正常状态。所以铁路网抗毁性定义为发生内部或外部突发事件, 引起设施或服务失效后, 铁路网维持或恢复其性能到一个可接受程度的能力, 本书主要阐述铁路网抗毁性的定义, 研究思路、评估指标、评估模型、突发事件下网络修复和网络组织等相关内容。
●
相关链接 在五车中查询图书 在当当中查询图书 在豆瓣中查询图书


正题名:铁路网抗毁性分析     索取号:U285.2/1         预约/预借

序号 登录号 条形码 馆藏地/架位号 状态 备注
1 2001328336   2001328336   322书库/ [索取号:U285.2/1] 在馆    
2 2001328337   2001328337   322书库/ [索取号:U285.2/1] 在馆    
3 2001328338   2001328338   322书库/ [索取号:U285.2/1] 在馆    
4 2001328339   2001328339   322书库/ [索取号:U285.2/1] 在馆    
5 2001328340   2001328340   322书库/ [索取号:U285.2/1] 在馆    
6 2001328341   2001328341   322书库/ [索取号:U285.2/1] 在馆    
7 2001328342   2001328342   322书库/ [索取号:U285.2/1] 在馆    
8 2001328343   2001328343   322书库/ [索取号:U285.2/1] 在馆    
9 2001328344   2001328344   322书库/ [索取号:U285.2/1] 在馆    
10 2001328345   2001328345   322书库/ [索取号:U285.2/1] 在馆    
11 2001328346   2001328346   322书库/ [索取号:U285.2/1] 在馆    
12 2001328347   2001328347   315书库/ [索取号:U285.2/1] 在馆    
13 2001328348   2001328348   315书库/ [索取号:U285.2/1] 在馆    
14 2001328349   2001328349   315书库/ [索取号:U285.2/1] 在馆    
15 2001328350   2001328350   315书库/ [索取号:U285.2/1] 在馆    
16 2001328351   2001328351   315书库/ [索取号:U285.2/1] 在馆    
17 2001328352   2001328352   315书库/ [索取号:U285.2/1] 在馆    
山东省滨州职业学院图书馆 欢迎您!
大连网信软件有限公司© 版权所有